Responsibility, character, and the emotions : new essays in moral psychology /

Bibliographic Details
Other Authors: Schoeman, Ferdinand David
Format: Book
Language:English
Published: Cambridge [Cambridgeshire] ; New York : Cambridge University Press, 1987.
Subjects:

MARC

Tag First Indicator Second Indicator Subfields
LEADER 00000cam a22000008a 4500
001 in00000016634
005 20151007052824.0
008 870617s1987 enk b 00100 eng
010 |a  87017768  
020 |a 0521327202 
020 |a 0521339510 (pbk.) 
035 |a (OCoLC)16225264 
035 |9 AAA9327AM 
040 |a DLC  |c DLC  |d TXA  |d UtOrBLW 
049 |a TXAM  |c [A11489743] 
050 0 0 |a BJ1451  |b .R47 1987 
082 0 |a 170  |2 19 
245 0 0 |a Responsibility, character, and the emotions :  |b new essays in moral psychology /  |c edited by Ferdinand Schoeman. 
263 |a 8802 
264 1 |a Cambridge [Cambridgeshire] ;  |a New York :  |b Cambridge University Press,  |c 1987. 
300 |a ix, 358 pages 
336 |a text  |b txt  |2 rdacontent 
337 |a unmediated  |b n  |2 rdamedia 
338 |a volume  |b nc  |2 rdacarrier 
504 |a Includes bibliographies and index. 
650 0 |a Responsibility. 
650 0 |a Character. 
650 0 |a Emotions  |x Moral and ethical aspects. 
700 1 |a Schoeman, Ferdinand David. 
999 |a MARS 
999 f f |s 0fd3332c-2741-3b84-9711-565d88ced4a4  |i d7f51f92-d41b-3c21-9bd7-bad909acdf5e  |t 0 
952 f f |p normal  |a Texas A&M University  |b College Station  |c Sterling C. Evans Library  |d Evans: Library Stacks  |t 0  |e BJ1451 .R47 1988  |h Library of Congress classification  |i unmediated -- volume  |m A14811489743 
998 f f |a BJ1451 .R47 1988  |t 0  |l Evans: Library Stacks